Famous People by Country by Picture - Europe - Statistics

General Stats
  • This quiz has been taken 1,541 times
    1,490 since last reset
  • The average score is 22 of 39
Answer Stats
Picture Hint Answer % Correct
Austria Arnold Schwarzenegger
93%
France Napoleon Bonaparte
93%
Germany Ludwig van Beethoven
91%
North Macedonia Mother Theresa
90%
Portugal Cristiano Ronaldo
87%
United Kingdom William Shakespeare
86%
Vatican City Pope Francis
84%
Russia Vladimir Lenin
83%
Poland Marie Curie
82%
Slovenia Melania Trump
82%
Italy Leonardo da Vinci
80%
Switzerland Roger Federer
77%
Spain Salvador Dalí
76%
Serbia Novak Djokovic
75%
Romania Vlad the Impaler
75%
Albania Dua Lipa
73%
Iceland Björk
67%
Greece Aristotle
63%
Monaco Grace Kelly
61%
Croatia Luka Modrić
61%
Ireland Oscar Wilde
61%
Netherlands Max Verstappen
59%
Belgium Jean-Claude van Damme
58%
Sweden Avicii
54%
Denmark Hans Christian Andersen
46%
Belarus Alexander Lukashenko
45%
Czech Republic Franz Kafka
45%
Finland Kimi Räikkönen
45%
Kosovo Rita Ora
34%
Ukraine Vitali Klitschko
33%
Hungary Harry Houdini
20%
Bulgaria Nina Dobrev
19%
Lithuania Domantas Sabonis
15%
Norway Edvard Munch
10%
Luxembourg Jean-Claude Juncker
9%
Slovakia Martina Hingis
9%
Latvia Mikhail Tal
7%
Bosnia and Herzegovina Aida Hadžialić
1%
Estonia Jaan Tallinn
1%
No matching quizzes found
Score Distribution
Percent of People with Each Score
Percentile by Number Answered
Your Score History
You have not taken this quiz since the last reset